| 000 | 01502nam a2200229Ia 4500 | ||
|---|---|---|---|
| 003 | Ost | ||
| 005 | 20260507075033.0 | ||
| 008 | 260507s9999||||xx |||||||||||||| ||und|| | ||
| 040 | _cfsecg | ||
| 041 | _aara | ||
| 082 | _a330 | ||
| 100 |
_aشبير، محمد عثمان _eمؤلف |
||
| 245 | 0 |
_aالمعاملات المالية المعاصرة في الفقه الإسلامي / _c محمد عثمان شبير |
|
| 250 | _aطبعة 4 | ||
| 260 |
_aعمان: _bدار النفائس, _c2001 |
||
| 300 |
_a408 صفحة؛ _bإيضاحات ؛ _c24 سم |
||
| 520 | _aمنهجية التعامل مع المعاملات المالية المعاصرة - حقيقة المعاملات المالية المعاصرة- خصائص فقه المعاملات في الإسلام -منهج الإسلام في معالجة القضايا المستجدة- منهج التصدي للمعاملات المالية المعاصرة- الحقوق المعنوية والخلوات ونظام التأمين- البديل الإسلامي لشركات التأمين التجارية- النقود والأوراق المالية والتجارية- معاملات المصارف الإسلامية- معاملات المصارف الإسلامية في نظر الشريعة- تعامل المصارف الإسلامية مع غيرها من البنوك | ||
| 653 | _aالإقتصاد الإسلامي | ||
| 653 | _aالبنوك الإسلامية | ||
| 653 | _aالمعاملات | ||
| 942 | _cكتاب | ||
| 999 |
_c42428 _d42428 |
||